00234nam a2200085Ia 4500001000800000005001700008008004100025245005300066260002900119125154220251031150917.0251031s9999 xx 000 0 und d 0cLİNDA NEWBERYaJ-5 İKİ İSİMLİ KEDİ bKIRMIZI KEDİ YAYINLARI